000 00770nam a2200217Ia 4500
003 GCL
008 140319s9999 xx 000 0 ara d
020 _a9001504097
040 _aGCL /
_cGCL
082 0 4 _a001.5
_bع ت
100 1 _aعبدالفتاح ابراهيم عبدالنبى
245 1 0 _aتكنولوجيا الاتصال والثقافة بين النظرية والتطبيق /
_cعبدالفتاح ابراهيم عبدالنبى
260 _aالقاهرة :
_bالعربى للنشر والتوزيع ،
_c1990
300 _a239 ص ؛
_c24 سم
490 _aدراسات فى الاعلام
_v0
650 0 4 _aالثقافة
650 0 4 _aالاتصال
650 0 4 _aالاعلام
650 0 4 _aوسائل الاعلام
942 _2ddc
_cBK
999 _c52035
_d52035